000
00302nam a2200133Ia 4500
005
20251222144835.0
008
251222s9999||||xx |||||||||||||| ||spa||
020
_a
84-8239-587-4
082
_a
269/B24
100
_a
Barthelet, Philippe
245
0
_a
San Bernardo:
264
_b
Palabra
942
_c
LIB
999
_c
21020
_d
21020